Statistiken für Ministerpräsidenten Baden-Württembergs seit 1952 - mit Bild

Klicken Sie hier um das Quiz zu spielen!

Allgemein

  • Dieses Quiz wurde 66 mal gespielt
  • Das Durchschnittsergebnis liegt bei 5 aus 10

Antwortstatistiken

Antwort% Korrekt
Winfried Kretschmann
96%
Günther Oettinger
93%
Kurt Georg Kiesinger
77%
Stefan Mappus
68%
Erwin Teufel
66%
Hans Filbinger
54%
Lothar Späth
52%
Reinhold Maier
20%
Gebhard Müller
14%
Wolfgang Haußmann
2%

Verteilung der Resultate

Perzentil nach korrekt beantworteten Fragen

Anzahl Personen mit jedem Resultat

Ihre Resultats-Entwicklung

Sie haben dieses Quiz noch nicht gespielt